<?xml version="1.0" encoding="UTF-8"?>
<record
    xmlns:xsi="http://www.w3.org/2001/XMLSchema-instance"
    xsi:schemaLocation="http://www.loc.gov/MARC21/slim http://www.loc.gov/standards/marcxml/schema/MARC21slim.xsd"
    xmlns="http://www.loc.gov/MARC21/slim">

  <leader>01404nab a2200193 i 4500</leader>
  <controlfield tag="001">768714001</controlfield>
  <controlfield tag="003">CO-MdFUSB</controlfield>
  <controlfield tag="005">20221019152902.0</controlfield>
  <controlfield tag="008">221019s1965    ck ||||| |||| 00| 0 spa d</controlfield>
  <datafield tag="040" ind1=" " ind2=" ">
    <subfield code="b">spa</subfield>
    <subfield code="c">CO-MdFUSB</subfield>
    <subfield code="d">CO-MdFUSB</subfield>
  </datafield>
  <datafield tag="041" ind1=" " ind2=" ">
    <subfield code="a">spa</subfield>
  </datafield>
  <datafield tag="100" ind1=" " ind2=" ">
    <subfield code="a">Calvo, Primitivo, </subfield>
    <subfield code="e">autor</subfield>
  </datafield>
  <datafield tag="245" ind1=" " ind2=" ">
    <subfield code="a">Castidad y celibato</subfield>
    <subfield code="c">/ Primitivo Calvo</subfield>
  </datafield>
  <datafield tag="300" ind1=" " ind2=" ">
    <subfield code="a">N&#xFA;mero 16, (1965), p&#xE1;ginas 68 - 71 </subfield>
    <subfield code="c"> ; 23 cm.</subfield>
  </datafield>
  <datafield tag="520" ind1=" " ind2=" ">
    <subfield code="a">Mucho m&#xE1;s se requiere al hablar de la castidad el ver su intima relaci&#xF3;n con la caridad. Hoy es un hecho de que la iglesia del siglo XX tiene una conciencia m&#xE1;s explicita de toda la riqueza sacramental del matrimonio. No se puede comprender la castidad cristiana sin ver su relacion con el sacramento del Matrimonio. Pero con P&#xED;o XII debemos recordar tambi&#xE9;n que la virginidad consagrada a Dios es superior al sacramento del matrimonio. Si &#xE9;ste es signo del Misterio de Cristo y  de u iglesia. La virginidad es una participaci&#xF3;n viva de ese amor nupcial  que existe entre Cristo y la iglesia. La iglesia requiere la virginidad para expresar su desposorio con Cristo y el Celibato tiene el mismo ideal que virginidad.</subfield>
  </datafield>
  <datafield tag="650" ind1=" " ind2="0">
    <subfield code="9">19</subfield>
    <subfield code="a">Vida cristiana</subfield>
  </datafield>
  <datafield tag="773" ind1="0" ind2=" ">
    <subfield code="0">68207</subfield>
    <subfield code="9">81327</subfield>
    <subfield code="a">Seminario Conciliar de Medell&#xED;n, </subfield>
    <subfield code="o">R2114</subfield>
    <subfield code="t">Revista del Seminario Conciliar de Medell&#xED;n - Colombia.</subfield>
    <subfield code="w">(CO-MdFUSB)768714001</subfield>
    <subfield code="g">N&#xFA;mero 16, (1965), p&#xE1;ginas 68 - 71 </subfield>
    <subfield code="q">p&#xE1;ginas 68</subfield>
  </datafield>
  <datafield tag="942" ind1=" " ind2=" ">
    <subfield code="c">ANA</subfield>
  </datafield>
  <datafield tag="999" ind1=" " ind2=" ">
    <subfield code="c">68308</subfield>
    <subfield code="d">68308</subfield>
  </datafield>
</record>
